Image politics in the Middle East : (Record no. 19372)
[ view plain ]
| 000 -LEADER | |
|---|---|
| fixed length control field | 01477cam a22003015a 4500 |
| 001 - CONTROL NUMBER | |
| control field | 17731209 |
| 005 - DATE AND TIME OF LATEST TRANSACTION | |
| control field | 20150519122034.0 |
| 008 - FIXED-LENGTH DATA ELEMENTS--GENERAL INFORMATION | |
| fixed length control field | 130509s2013 enka frb 001 0 eng d |
| 020 ## - INTERNATIONAL STANDARD BOOK NUMBER | |
| International Standard Book Number | 9781848852822 |
| 020 ## - INTERNATIONAL STANDARD BOOK NUMBER | |
| International Standard Book Number | 9781848852815 |
| 040 ## - CATALOGING SOURCE | |
| Original cataloging agency | UKMGB |
| Language of cataloging | eng |
| Transcribing agency | UKMGB |
| Modifying agency | BTCTA |
| -- | OCLCO |
| -- | CDX |
| -- | YDXCP |
| -- | QGK |
| -- | NDD |
| -- | NLE |
| -- | BWX |
| -- | LOA |
| -- | NHM |
| -- | OUN |
| -- | DLC |
| -- | EG-ScBUE |
| 043 ## - GEOGRAPHIC AREA CODE | |
| Geographic area code | aw----- |
| 082 04 - DEWEY DECIMAL CLASSIFICATION NUMBER | |
| Classification number | 320.0140956 |
| Item number | KHA |
| Edition number | 22 |
| 100 1# - MAIN ENTRY--PERSONAL NAME | |
| Personal name | Khatib, Lina |
| Fuller form of name | (Lina H.) |
| 9 (RLIN) | 38035 |
| 245 10 - TITLE STATEMENT | |
| Title | Image politics in the Middle East : |
| Remainder of title | the role of the visual in political struggle / |
| Statement of responsibility, etc | Lina Khatib. |
| 260 ## - PUBLICATION, DISTRIBUTION, ETC. (IMPRINT) | |
| Place of publication, distribution, etc | London ; |
| -- | New York : |
| Name of publisher, distributor, etc | I.B. Tauris & Co Ltd, |
| Date of publication, distribution, etc | 2013. |
| 300 ## - PHYSICAL DESCRIPTION | |
| Extent | xii, 248 p. : |
| Other physical details | ill. ; |
| Dimensions | 24 cm. |
| 500 ## - GENERAL NOTE | |
| General note | Index : p. 243-248. |
| 504 ## - BIBLIOGRAPHY, ETC. NOTE | |
| Bibliography, etc | Bibliography : p. 230-242. |
| 520 ## - SUMMARY, ETC. | |
| Summary, etc | "Politics in the Middle East is now seen and the image is playing a central part in processes of political struggle. This is the first book in the literature to engage directly with these changing ways of communicating politics in the region {u2013} and particularly with the politics of the image, its power as a political tool." |
| 650 #7 - SUBJECT ADDED ENTRY--TOPICAL TERM | |
| Topical term or geographic name as entry element | Communication in politics |
| Geographic subdivision | Middle East. |
| Source of heading or term | BUEsh |
| 9 (RLIN) | 38036 |
| 650 #7 - SUBJECT ADDED ENTRY--TOPICAL TERM | |
| Topical term or geographic name as entry element | Visual communication |
| Geographic subdivision | Middle East. |
| Source of heading or term | BUEsh |
| 9 (RLIN) | 38037 |
| 650 #7 - SUBJECT ADDED ENTRY--TOPICAL TERM | |
| Topical term or geographic name as entry element | Mass media |
| General subdivision | Political aspects |
| Geographic subdivision | Middle East. |
| Source of heading or term | BUEsh |
| 9 (RLIN) | 38038 |
| 651 #7 - SUBJECT ADDED ENTRY--GEOGRAPHIC NAME | |
| Geographic name | Middle East |
| General subdivision | Politics and government |
| Chronological subdivision | 1979- |
| Source of heading or term | BUEsh |
| 9 (RLIN) | 5089 |
| 653 ## - INDEX TERM--UNCONTROLLED | |
| Resource For college | BAEPS, Political Science |
| Arrived date list | May2015 |
| 655 ## - INDEX TERM--GENRE/FORM | |
| Form subdivision | |
| -- | 34232 |
| 942 ## - ADDED ENTRY ELEMENTS (KOHA) | |
| Source of classification or shelving scheme | Dewey Decimal Classification |
| Call number prefix | 320.0140956 KHA |
| Withdrawn status | Item status | Source of classification or shelving scheme | Damaged status | Not for loan | Vendor | Home library | Current library | Shelving location | Date acquired | Source of acquisition | Cost, normal purchase price | Serial Enumeration / chronology | Total Checkouts | Total Renewals | Full call number | Barcode | Date last seen | Date last borrowed | Cost, replacement price | Koha item type |
|---|---|---|---|---|---|---|---|---|---|---|---|---|---|---|---|---|---|---|---|---|
| Dewey Decimal Classification | Alahram | Central Library | Central Library | First floor | 19/05/2015 | 188.00 | 320 | 4 | 44 | 320.0140956 KHA | 000038252 | 05/10/2025 | 29/09/2025 | 235.00 | Book - Borrowing |